000 00290nam a2200109Ia 4500
008 180205s9999 xx 000 0 und d
020 _a9780470616314
100 _aKieso, Donald E.
245 _aIntermediate accounting /
260 _aUSA
_bJohn wiley & Sons
_c2011
300 _av, 1383 pages
999 _c354884
_d354884